000 00911nam a2200265 4500
040 _cNSHS
082 _b297.820
_2NIG
100 1 _aNigrāmī, Muhammad Yūsuf
_9129986
245 1 _aHaqīqat-e-Rāfiḍiyyat /
_cMuhammad Yūsuf Nigrāmī.
246 _aHaqiqat-i-Rafidiyyat
246 _aHaqiqat-e-Rafidiyyat
260 _aKarāchī:
_btālīf Majlis Āl Pākistān Sunnī Taḥrīk Ṭrasṭ,
_c1989.
300 _a295 pages.
500 _aDC010725
500 _aReligion
546 _aIn Urdu.
600 1 _aNigrāmī, Muhammad Yūsuf
_9129986
650 0 _aShīʻah
_xDoctrines
_9130146
650 0 _aShīʻah
_xControversial literature
_9130147
650 0 _aIslam
_xDoctrinal and controversial works
_9130148
650 0 _aRāfiḍah (Sect)
_xCriticism and interpretation
_9130149
650 0 _aSunni-Shia relations
_9130150
942 _2ddc
_cBK
999 _c614436
_d614436